000
00239 a2200097 4500
001
36612
100
_a
Mc Farland D
245
_a
The Guinness book of world records
260
_a
Spain
_b
Guinness publishing press
_c
090
_c
23664
_d
23664
942
_a
NUST-CAE
_c
M
_c
15185
999
_c
271685
_d
271685